000
00324nam a2200121Ia 4500
008
220214s9999 xx 000 0 und d
100
_a
_A
Brlow Colin
245
0
_a
Budgeting on the metis of a shorter replanting period
260
_b
RRIM Planters' Conference
_c
1966
300
_a
8p
700
_a
6aSooi Choong
942
_c
RE
999
_c
46624
_d
46624